| 000 | 00403nam a22001337a 4500 | ||
|---|---|---|---|
| 020 | _a0-471-04378-8 | ||
| 082 | _a543.085 SMI'A | ||
| 100 |
_aSMITH, A. LEE _974081 |
||
| 245 | _aAPPLIED INFRARED SPECTROSCOPY FUNDAMENTALS TECHNIQUES AND ANALYTICAL PROBLEM SOLVING | ||
| 260 |
_aNEWYORK _bJOHN WILEY _c1979 |
||
| 300 | _a322P | ||
| 650 |
_aINFRARED SPECTROMETRY CHEMISTRY ANALYTICAL _974082 |
||
| 942 | _cBK | ||
| 999 |
_c579657 _d579657 |
||